Опыт работы аттестационного регионального центра специалистов в области неразрушающего контроля НИИ интроскопии при ТПУ; Известия Томского политехнического университета [Известия ТПУ]; Т. 305, вып. 5
| Parent link: | Известия Томского политехнического университета [Известия ТПУ]/ Томский политехнический университет (ТПУ).— , 2000- Т. 305, вып. 5.— 2002.— [С. 171-172] |
|---|---|
| Övriga upphovsmän: | , , , , , |
| Sammanfattning: | Заглавие с титульного листа Электронная версия печатной публикации Представлена деятельность аттестационного регионального центра специалистов в области неразрушающего контроля НИИ интроскопии при ТПУ. За время работы центра прошли обучение и аттестованы более 800 специалистов различных отраслей. |
| Språk: | ryska |
| Publicerad: |
2002
|
| Ämnen: | |
| Länkar: | http://www.lib.tpu.ru/fulltext/v/Bulletin_TPU/2002/v305/i5/30.pdf |
| Materialtyp: | MixedMaterials Elektronisk Bokavsnitt |
| KOHA link: | https://koha.lib.tpu.ru/cgi-bin/koha/opac-detail.pl?biblionumber=165884 |
MARC
| LEADER | 00000nla2a2200000 4500 | ||
|---|---|---|---|
| 001 | 165884 | ||
| 005 | 20231031161946.0 | ||
| 035 | |a (RuTPU)RU\TPU\book\179947 | ||
| 035 | |a RU\TPU\book\179820 | ||
| 090 | |a 165884 | ||
| 100 | |a 20090923d2002 k y0rusy50 ca | ||
| 101 | 0 | |a rus | |
| 102 | |a RU | ||
| 135 | |a drnn ---uucaa | ||
| 181 | 0 | |a i | |
| 182 | 0 | |a b | |
| 200 | 1 | |a Опыт работы аттестационного регионального центра специалистов в области неразрушающего контроля НИИ интроскопии при ТПУ |b Электронный ресурс |f Б. И. Капранов [и др.] | |
| 203 | |a Текст |c электронный | ||
| 215 | |a 1 файл (1 Мб) | ||
| 230 | |a Электронные текстовые данные (1 файл : 1 Мб) | ||
| 300 | |a Заглавие с титульного листа | ||
| 300 | |a Электронная версия печатной публикации | ||
| 330 | |a Представлена деятельность аттестационного регионального центра специалистов в области неразрушающего контроля НИИ интроскопии при ТПУ. За время работы центра прошли обучение и аттестованы более 800 специалистов различных отраслей. | ||
| 337 | |a Adobe Reader | ||
| 461 | 1 | |0 (RuTPU)RU\TPU\book\176237 |t Известия Томского политехнического университета [Известия ТПУ] |f Томский политехнический университет (ТПУ) |d 2000- | |
| 463 | 1 | |0 (RuTPU)RU\TPU\book\179741 |t Т. 305, вып. 5 |o тематический выпуск НИИ интроскопии и кафедры "Физические методы и приборы контроля качества" |f Томский политехнический университет (ТПУ), Научно-исследовательский институт интроскопии (НИИ ИН) ; под ред. В. Л. Чахлова, О. И. Сидуленко, В. К. Кулешова |v [С. 171-172] |d 2002 | |
| 601 | 0 | 2 | |a Томский политехнический университет (ТПУ) |b Научно-исследовательский институт интроскопии (НИИ ИН) |2 stltpush |3 (RuTPU)RU\TPU\col\863 |
| 610 | 1 | |a труды учёных ТПУ | |
| 610 | 1 | |a электронный ресурс | |
| 610 | 1 | |a опыт работы | |
| 610 | 1 | |a Аттестационный региональный центр | |
| 610 | 1 | |a специалисты | |
| 610 | 1 | |a неразрушающий контроль | |
| 701 | 1 | |a Капранов |b Б. И. |c российский учёный в области физических методов и приборов контроля качества |c профессор Томского политехнического университета |g Борис Иванович |2 stltpush |3 (RuTPU)RU\TPU\pers\26476 |4 070 | |
| 701 | 1 | |a Кулешов |b В. К. |c специалист в области неразрушающего контроля |c профессор Томского политехнического университета, доктор технических наук |f 1939- |g Валерий Константинович |2 stltpush |3 (RuTPU)RU\TPU\pers\19828 |4 070 | |
| 701 | 1 | |a Толмачёв |b И. И. |c специалист в области неразрушающего контроля |c доцент Томского политехнического университета, кандидат технических наук |f 1950- |g Игорь Иванович |2 stltpush |3 (RuTPU)RU\TPU\pers\26461 |4 070 | |
| 701 | 1 | |a Шумихин |b В. Ф. |c специалист в области неразрушающего контроля |c директор Аттестационного регионального центра по подготовке и аттестации специалистов неразрушающего контроля Томского политехнического университета |g Вячеслав Федорович |2 stltpush |3 (RuTPU)RU\TPU\pers\28677 |4 070 | |
| 701 | 1 | |a Коротков |b М. М. |c специалист в области неразрушающего контроля |c доцент Томского политехнического университета, кандидат технических наук |f 1973- |g Михаил Михайлович |2 stltpush |3 (RuTPU)RU\TPU\pers\29347 |4 070 | |
| 701 | 1 | |a Калиниченко |b Н. П. |c специалист в области неразрушающего контроля |c доцент Томского политехнического университета, кандидат технических наук |f 1945- |g Николай Петрович |2 stltpush |3 (RuTPU)RU\TPU\pers\27076 |4 070 | |
| 801 | 1 | |a RU |b 63413507 |c 20090623 |g PSBO | |
| 801 | 2 | |a RU |b 63413507 |c 20210419 |g PSBO | |
| 856 | 4 | |u http://www.lib.tpu.ru/fulltext/v/Bulletin_TPU/2002/v305/i5/30.pdf | |
| 942 | |c CF | ||